000 01088nam0a22002651 4500
001 rc\765710
005 20260406121550.0
035 _a(NLR Aleph) 006292887
090 _a7168932
_c7168932
100 _a20040301d1985 |||y0rusy50 ca
101 0 _arus
102 _aRU
105 _aa |||||||||
200 1 _aУстойчивость движения
_e[Сб. ст.]
_fАН СССР. Сиб. отд-ние, Иркут. ВЦ
_gОтв. ред. В.М. Матросов, В.Д. Иртегов
210 _aНовосибирск
_cНаука. Сиб. отд-ние
_d1985
215 _a257 с.
_cил.
_d22
320 _aБиблиогр. в конце ст.
702 1 _4340
_7ca
_8rus
_aМатросов
_bВ. М.
_f1932-2011
_gВладимир Мефодьевич
_9241612
_3RU\NLR\AUTH\770241668
712 0 2 _aАН СССР
_bСибирское отделение
_bИркутский вычислительный центр
_3RU\NLR\AUTH\8814176
_9301503
801 0 _aRU
_bNLR
_gpsbo
801 1 _aRU
_bELAR
_2rusmarc
852 _aNLR
_j85-5/3236
942 _cBOOK
980 _aNB